000 00451nam a2200169Ia 4500
003 GCL
008 140319s9999 xx 000 0 eng d
040 _aGCL /
_cGCL
082 0 4 _a770.28
_bS A
100 1 _aSTRASSER, ALEX
245 1 0 _aALL ABOUT THE RIGHT MOMENT IN ACTION PHOTOGRAPHY /
_cSTRASSER, ALEX
260 _a[S.N] :
_bTHE FOCAL PRESS
300 _a56 P
650 0 4 _aPHOTOGRAPHY
650 0 4 _aPHOTOGRAPHY - PROCESSING
942 _2ddc
_cBK
999 _c15302
_d15302